00313nam a2200121Ia 4500008004100000041000800041082001400049100001900063245003000082260004200112300003000154365000700184240624s9999 xx 000 0 und d aeng a332.6 ALT aALTUCHER JAMES aTRADE LIKE WARREN BUFFETT c2005aNew JerseybJohn Wiley and Sons aix, : 246 : p. : cm. ; 23 cRS